Movies Quiz

Random Movies or Actress Quiz

'R' Movie Actresses Quiz Stats

Quiz Updated Jun 4, 2014

Challenge
Share
Tweet
Score 0/20 Timer 03:00
0 Plays Today
% Correct
Runaway Bride
88.4%
Romeo + Juliet
76.1%
Rear Window
72.3%
Riding in Cars with Boys
72%
Resident Evil
71.7%
Romancing the Stone
71.4%
Revolutionary Road
68.3%
Red Riding Hood
63.7%
Raising Arizona
61.5%
Rachel Getting Married
58%
% Correct
Rumor Has It...
57.7%
Reality Bites
57%
Ramona and Beezus
52.1%
Raising Helen
52%
Rock of Ages
49.8%
Robin Hood
43.2%
Rob Roy
37.9%
Real Steel
34.3%
Return to Me
30.4%
Remember Me
23.9%

You're not logged in!

Compare scores with friends on all Sporcle quizzes.
Join for Free
OR
Log In

You Might Also Like...

Show Comments

Extras

Top Quizzes Today


Score Distribution

Your Account Isn't Verified!

In order to create a playlist on Sporcle, you need to verify the email address you used during registration. Go to your Sporcle Settings to finish the process.

Report this User

Report this user for behavior that violates our Community Guidelines.

Details: